Casa de Ceuta en Barcelona : 40 años de historia : 1966 - 2006 / Antonio Fuentes León ; dirección y coordinación: Antonio Fuentes León 40 años de historia :
Descripción Física:
120 p. : il. ; 26 cm
Colección:
Cuadernos de la Casa de Ceuta ; 3
Otros Autores:
Fuentes León, Antonio
Materias:
Casa de Ceuta en Barcelona -- Història
MARC
| LEADER | 00000nam a2200000Ia 4500 | ||
|---|---|---|---|
| 001 | 21426 | ||
| 008 | 160829s9999 xx 000 0 cat d | ||
| 080 | |a H-3-76 | ||
| 100 | |a Fuentes León, Antonio |9 44534 | ||
| 245 | |a Casa de Ceuta en Barcelona : |b 40 años de historia : |b 1966 - 2006 / Antonio Fuentes León ; dirección y coordinación: |b Antonio Fuentes León | ||
| 260 | |a Barcelona : |b Casa de Ceuta en Barcelona, [2008] | ||
| 300 | |a 120 p. : |b il. ; |c 26 cm | ||
| 490 | |a Cuadernos de la Casa de Ceuta ; 3 | ||
| 650 | |a Casa de Ceuta en Barcelona |x Història |9 44535 | ||
| 700 | |a Fuentes León, Antonio |9 44534 | ||
| 901 | |a Arxiu | ||
| 942 | |n 1 | ||
| 952 | |0 0 |1 0 |4 0 |6 H376 |7 1 |9 51977 |a Arxiu |b Arxiu |d 2016-12-01 |l 0 |o H-3-76 |p 21426 |r 2016-12-01 00:00:00 |w 2016-12-01 |y ARXIU | ||
| 999 | |c 55824 |d 55824 | ||